000 01656nam a2200373 a 4500
001 ebr10686124
003 CaPaEBR
006 m u
007 cr cn|||||||||
008 110412s2011 nyu sb 001 0 eng d
010 _z 2011015641
020 _z9781613246559 (hbk.)
020 _z9781620817773 (e-book)
040 _aCaPaEBR
_cCaPaEBR
035 _a(OCoLC)839304869
043 _an-us---
050 1 4 _aKF5053
_b.P73 2011eb
082 0 4 _a342.73/06
_222
245 0 0 _aPresident or king?
_h[electronic resource] :
_bevaluating the expansion of executive power from Abraham Lincoln to George W. Bush /
_cMeena Bose, editor.
260 _aNew York :
_bNova Science Publishers,
_cc2011.
300 _axiv, 195 p.
490 1 _aWhite House studies
504 _aIncludes bibliographical references and index.
505 0 _apt. I. Constitutional limitations on presidential power in wartime -- pt. II. Examining the use of presidential power in the George W. Bush Administration -- pt. III. The future of presidential power.
533 _aElectronic reproduction.
_bPalo Alto, Calif. :
_cebrary,
_d2013.
_nAvailable via World Wide Web.
_nAccess may be limited to ebrary affiliated libraries.
650 0 _aExecutive power
_zUnited States.
650 0 _aPresidents
_xLegal status, laws, etc.
_zUnited States.
650 0 _aConstitutional law
_zUnited States.
655 7 _aElectronic books.
_2local
700 1 _aBose, Meena,
_d1970-
710 2 _aebrary, Inc.
830 0 _aWhite House studies.
856 4 0 _uhttp://site.ebrary.com/lib/rucke/Doc?id=10686124
_zAn electronic book accessible through the World Wide Web; click to view
999 _c30539
_d30539